UM Logo

Sensory perception and descriptions of morphological characteristic of vegetative plant organs by the blind : (Record no. 18005)

MARC details
000 -LEADER
fixed length control field 00977nam a22002417a 4500
003 - CONTROL NUMBER IDENTIFIER
control field OSt
005 - DATE AND TIME OF LATEST TRANSACTION
control field 20230324134619.0
008 - FIXED-LENGTH DATA ELEMENTS--GENERAL INFORMATION
fixed length control field 230324b ||||| |||| 00| 0 eng d
040 ## - CATALOGING SOURCE
Transcribing agency 0
082 ## - DEWEY DECIMAL CLASSIFICATION NUMBER
Classification number DPer 570 J826 2021 v55 no. 1-5
100 ## - MAIN ENTRY--PERSONAL NAME
Personal name Anđić, Branko.
Relator term author.
9 (RLIN) 48133
245 ## - TITLE STATEMENT
Title Sensory perception and descriptions of morphological characteristic of vegetative plant organs by the blind :
Remainder of title implementation in teaching /
Statement of responsibility, etc. Branko Anđić, Stanko Cvjetićanin, Mirjana Maričić, and Danijela Stešević
260 ## - PUBLICATION, DISTRIBUTION, ETC. (IMPRINT)
Place of publication, distribution, etc. United Kingdom,
Name of publisher, distributor, etc. Taylor & Francis Group,
Date of publication, distribution, etc. June 2021.
300 ## - PHYSICAL DESCRIPTION
Extent volume 55, pages 321-339, illustration.
650 ## - SUBJECT ADDED ENTRY--TOPICAL TERM
Topical term or geographic name as entry element Education.
9 (RLIN) 48134
650 ## - SUBJECT ADDED ENTRY--TOPICAL TERM
Topical term or geographic name as entry element Blind-Education.
9 (RLIN) 48135
650 ## - SUBJECT ADDED ENTRY--TOPICAL TERM
Topical term or geographic name as entry element Morphology.
9 (RLIN) 48136
700 ## - ADDED ENTRY--PERSONAL NAME
Personal name Anđić, Branko.
Relator term author.
9 (RLIN) 48133
700 ## - ADDED ENTRY--PERSONAL NAME
Personal name Cvjetićanin, Stanko.
Relator term author.
9 (RLIN) 48137
700 ## - ADDED ENTRY--PERSONAL NAME
Personal name Maričić, Mirjana.
Relator term author.
9 (RLIN) 48138
700 ## - ADDED ENTRY--PERSONAL NAME
Personal name Stešević, Danijela.
Relator term author.
9 (RLIN) 48139
942 ## - ADDED ENTRY ELEMENTS (KOHA)
Source of classification or shelving scheme Dewey Decimal Classification
Koha item type Periodicals
Holdings
Withdrawn status Lost status Source of classification or shelving scheme Damaged status Not for loan Collection code Home library Current library Date acquired Total Checkouts Full call number Date last seen Price effective from Koha item type Public note
    Dewey Decimal Classification     Periodicals UM Digos College - LIC UM Digos College - LIC 03/24/2023   DPer 570 J826 2021 v55 no. 1-5 03/24/2023 03/24/2023 Periodicals Periodical Article